| 000 | 00981cab a2200229 4500 | ||
|---|---|---|---|
| 001 | ABS43100 | ||
| 008 | 090401t1990 xxu||||| |||| 00| 0 eng d | ||
| 035 | _a(Sirsi) u40443 | ||
| 041 | _aeng | ||
| 100 | _aTeasdale, J. | ||
| 245 | _aDeemed planning permission and partnership | ||
| 260 | _c1990 | ||
| 350 | _a0 | ||
| 490 |
_aJPL _v(1990) 471-478(8) |
||
| 520 | _aThe DoE is reviewing the Town and Country Planning General Regulation 1976 and the concept of self-applications for planning permission for development by local authorities. It is proposed that county applications should be submitted to district councils and the SOS Environment should be involved in cases where there are conflicts of interest between local authorities and developers . | ||
| 650 | _aDEEMED CONSENT | ||
| 650 | _aR V MERTON AND SPEYHAWK LAND AND ESTATES | ||
| 650 | _aTOWN AND COUNTRY PLANNING ACT 1971 S270 | ||
| 690 | _aPLANNING LAW AND PRACTICE | ||
| 942 | _n0 | ||
| 948 | _c04/03/1997 | ||
| 999 |
_c25923 _d25923 |
||